000 00910nam a22002177a 4500
005 20240530110532.0
008 160320s2013 ua a f 000 0 ara d
017 _a2012/19978
_bمصر . دار الكتب المصرية
020 _a9789774901942
040 _aEG-CaGPL
082 0 4 _221
_a320.962
_bق/ن ن
100 0 _aنبيل عبدالفتاح .
245 1 2 _aالنخبة و الثورة :
_bالدولة و الاسلام السياسى و القومية و الليبرالية : سياسات التحول فى مصر /
_cنبيل عبدالفتاح .
250 _aط1.
260 _aالقاهرة :
_bدار العين للنشر ،
_c2013 .
300 _a454 ص ؛
_c24 سم .
651 0 4 _aمصر
_xالاحوال السياسية
_yثورة 25 يناير .
651 0 4 _aمصر
_xتاريخ
_yثورة 25 يناير .
942 _2ddc
_cBK
999 _c62107
_d62107